00993nam a2200217 a 4500008004100000020002200041100001800063245009700081260012400178300002400302440005100326504004100377500002200418650006600440650006600506650006800572710010800640003000100748005001700749040000900766  a190183008X (pbk.)1 aZell, Hans M.12aA bibliography of publishing and the book chain in Sub-Saharan Africa, 1996 /cHans M. Zell. aLondon :bWorking Group on Books and Learning Materials, Association for the Development of Education in Africa,c1997. avi, 89 p. ;c24 cm. 0aPerspectives on African book development ;v3. aIncludes bibliographical references. aIncludes indexes. 0aPublishers and publishingzAfrica, Sub-SaharanvBibliography. 0aBook industries and tradezAfrica, Sub-SaharanvBibliography. 0aBooksellers and booksellingzAfrica, Sub-SaharanvBibliography.2 aAssociation for the Development of Education in Africa.bWorking Group on Books and Learning Materials.20230123133146.0 cNUST